[Event "FRA-ch"]
[Site "Aix les Bains"]
[Date "2003.08.19"]
[Round "2"]
[White "Apicella, Manuel"]
[Black "Bacrot, Etienne"]
[Result "1/2-1/2"]
[WhiteElo "2522"]
[BlackElo "2645"]
[PlyCount "104"]
[EventDate "2003.08.18"]
[Source "ChessBase"]
[SourceDate "2003.11.11"]

1. e4 c5 2. Nf3 d6 3. d4 cxd4 4. Nxd4 Nf6 5. Nc3 Nc6 6. Be2 g6 7. Bg5 Bg7 8. Nb3 O-O 9. O-O a6 10. f4 b5 11. Bf3 Bb7 12. Bh4 Nd7 13. Rb1 a5 14. Nd5 Re8 15. c3 a4 16. Nc1 Qa5 17. a3 e6 18. Ne3 Qc7 19. Nd3 Na5 20. Qe2 Nb3 21. Rfe1 e5 22. fxe5 dxe5 23. Nb4 Rab8 24. Ned5 Bxd5 25. Nxd5 Qc5+ 26. Kh1 Nf8 27. Nf6+ Bxf6 28. Bxf6 Qc6 29. Bh4 Ne6 30. Qe3 Qc5 31. Qh6 Qf8 32. Qxf8+ Kxf8 33. Bg4 h5 34. Bxe6 Rxe6 35. Rbd1 Rb7 36. Rd8+ Kg7 37. h3 Na5 38. g4 hxg4 39. hxg4 Nc4 40. Red1 Nxb2 41. R1d5 Nc4 42. g5 Ree7 43. Kh2 Nxa3 44. Bf2 Nb1 45. Rd3 f6 46. gxf6+ Kxf6 47. Bc5 Rh7+ 48. Kg3 Rhf7 49. Rg8 Rg7 50. Rf8+ Rgf7 51. Rg8 Rg7 52. Rf8+ Rgf7 1/2-1/2

[Event "XXIV ECC"]
[Site "Kallithea GRE"]
[Date "2008.10.22"]
[Round "6"]
[White "Saltaev, M."]
[Black "Roiz, M."]
[Result "1-0"]
[WhiteElo "2484"]
[BlackElo "2677"]
[PlyCount "81"]
[EventDate "2008.10.17"]
[Source "www.chesslib.no"]
[SourceDate "2004.05.04"]

1. e4 c5 2. Nf3 d6 3. d4 cxd4 4. Nxd4 Nf6 5. Nc3 g6 6. Bc4 Bg7 7. O-O O-O 8. Re1 Nc6 9. Nb3 a6 10. a4 b6 11. Nd5 Nd7 12. c3 e6 13. Nf4 Nc5 14. Bf1 Bb7 15. f3 Re8 16. Be3 Qc7 17. Kh1 Rab8 18. Nd2 Ne5 19. b4 Ncd7 20. Qb3 Nf6 21. Rac1 Ned7 22. Qc4 Qd8 23. Qa2 Qc7 24. Qc4 Qd8 25. Qa2 g5 26. Nd3 g4 27. Bg5 gxf3 28. gxf3 Kh8 29. Nf4 Rg8 30. Nc4 Qf8 31. Qd2 d5 32. exd5 Nxd5 33. Bg2 N7f6 34. Ne5 Rd8 35. c4 Nxf4 36. Qxf4 Qe7 37. Rcd1 Rxd1 38. Rxd1 Re8 39. Qh4 Kg8 40. Ng4 Rd8 41. Rf1 1-0

[Event "Bled/Rogaska Slatina"]
[Site "?"]
[Date "1991.??.??"]
[Round "?"]
[White "Kotronias, V."]
[Black "Khalifman, A."]
[Result "1/2-1/2"]
[WhiteElo "2520"]
[BlackElo "2640"]
[PlyCount "82"]
[EventDate "1991.??.??"]
[Source "ChessBase"]
[SourceDate "1991.06.01"]

1. e4 c5 2. Nf3 d6 3. d4 cxd4 4. Nxd4 Nf6 5. Nc3 g6 6. Be2 Bg7 7. O-O O-O 8. Bg5 Nc6 9. Nb3 Be6 10. Kh1 Na5 11. f4 Nc4 12. f5 Nxb2 13. Qe1 Bd7 14. Qh4 Rc8 15. Rf3 Re8 16. Raf1 Rxc3 17. Rxc3 Nxe4 18. Qxe4 Bxc3 19. Nd4 d5 20. Qf3 Bxd4 21. fxg6 Bf6 22. gxf7+ Kxf7 23. Bc1 Kg7 24. Bxb2 Rf8 25. Bc1 Kh8 26. Qxd5 Bc6 27. Qh5 Qd5 28. Qxd5 Bxd5 29. c4 Be6 30. Be3 Rc8 31. Rf4 Bg5 32. Bd4+ Kg8 33. Bg4 Rc6 34. Bxe6+ Rxe6 35. Rg4 Rg6 36. Bxa7 Kf7 37. Bd4 Rd6 38. g3 Bf6 39. Bxf6 exf6 40. Rf4 Rd2 41. a4 b6 1/2-1/2